000 00533nam a22001817a 4500
999 _c172715
_d172715
005 20200211161121.0
010 _aENG-127691
020 _c450.00
_a9789388398237
035 _aEN-111223
037 _bDBAD/PUB
082 _a338.927
100 _aN.Devaki
245 _aEducation For sustainable Development
260 _aTamilnadu
_c2019
_bShanlax Publications
270 _bTamilnadu
_a61, 66T.P.K. Main Road Vasantha Nagar,Madurai
_e625003
300 _a274p.
_b274cm(pbk)
942 _2ddc
_cEN
_h338.927
_mDEV